Normal view
MARC view
- الابداع-التفكير-اساليب التدريس-تطوير التعليم-مستويات التعليم
Entry Topical Term
001 - CONTROL NUMBER
- control field: 60565
003 - CONTROL NUMBER IDENTIFIER
- control field: JO-AjAnu
005 - DATE AND TIME OF LATEST TRANSACTION
- control field: 20230606083911.0
008 - FIXED-LENGTH DATA ELEMENTS
- fixed length control field: 230606|| aca||aabn | a|a d
040 ## - CATALOGING SOURCE
- Original cataloging agency: JO-AjAnu
- Transcribing agency: JO-AjAnu
150 ## - HEADING--TOPICAL TERM
- Topical term or geographic name entry element: الابداع-التفكير-اساليب التدريس-تطوير التعليم-مستويات التعليم
670 ## - SOURCE DATA FOUND
- Source citation: Work cat.: (JO-AjAnu)30885: البراك، مجد ممتاز؛ م.مشارك علي موسى عباس, author 60564, طرائق تعليم الابداع والابداع الجاد